| 000 | 00652nam a22001817a 4500 | ||
|---|---|---|---|
| 999 |
_c7439 _d7439 |
||
| 003 | AR-CdUCM | ||
| 008 | 190320b ||||| |||| 00| 0 spa d | ||
| 040 |
_aMUNICIPALIDAD PROVINCIAL DEL CUSCO _cBIBLIOTECA MUNICIPAL DEL CUSCO |
||
| 082 |
_218ed. _a530 / _bV63 |
||
| 100 |
_aVidal, Jorge _920980 |
||
| 245 | _aCurso de física / | ||
| 260 |
_aLima : _bBruño, _c1943. |
||
| 300 |
_a441 páginas ; _bIlustraciones, _c22 cm. |
||
| 505 | _aContenido: p.2 -- Propagación de la luz fotométrica -- Reflexión de la luz espejo -- Refracción de la luz lentes -- Dispersión y cromatismo ... | ||
| 650 |
_aFísica _92382 |
||
| 942 |
_2ddc _cLIBROS |
||
| 945 | _aacv | ||